Statistics for Super Smash Bros. - Kirby Universe

Click here to take the quiz!

General Stats

  • This quiz has been taken 39 times
  • The average score is 33 of 123

Answer Stats

HintAnswer% Correct
FightersKing Dedede
100%
FightersKirby
100%
FightersMeta Knight
100%
EnnemiesWaddle Dee
96%
StagesDream Land
83%
BossesMarx
83%
SpiritsMarx (True Form)
83%
EnnemiesWaddle Doo
78%
StagesFountain of Dreams
74%
StagesGreen Greens
61%
Assist TrophiesNightmare
61%
SpiritsNightmare's Power Orb
61%
SpiritsNightmare Wizard
61%
SpiritsBandana Waddle Dee
57%
Assist TrophiesKnuckle Joe
57%
SpiritsMagolor
57%
SpiritsCoo
52%
SpiritsRick
48%
ItemsStar Rod
48%
StagesThe Great Cave Offensive
48%
ItemsWarp Star
48%
SpiritsWhispy Woods
48%
EnnemiesBonkers
43%
StagesHalberd
43%
SpiritsKine
43%
SpiritsSusie
43%
Assist TrophiesChef Kawasaki
39%
SpiritsDark Matter
39%
SpiritsDaroach
39%
StagesDream Land GB
39%
SpiritsGalacta Knight
39%
SpiritsQueen Sectonia
39%
SpiritsChuChu
35%
ItemsDragoon
35%
TrophiesFire Kirby
35%
SpiritsGooey
35%
EnnemiesGordo
35%
MasterpiecesKirby's Dream Land
35%
SpiritsKracko
35%
ItemsMaxim Tomato
35%
TrophiesSir Kibble
35%
TrophiesBlade Knight
30%
EnnemiesBronto Burt
30%
SpiritsDark Mind
30%
MasterpiecesKirby's Adventure
30%
MasterpiecesKirby Super Star
30%
SpiritsMeta-Knights
30%
SpiritsPoppy Bros. Jr.
30%
SpiritsUltra Sword
30%
SpiritsWheelie
30%
TrophiesIce Kirby
26%
SpiritsLandia
26%
SpiritsPrince Fluff
26%
SpiritsScarfy
26%
TrophiesSword Kirby
26%
SpiritsDyna Blade
22%
SpiritsNago
22%
SpiritsPitch
22%
TrophiesPlasma Kirby
22%
SpiritsRobobot Armor
22%
TrophiesBeam Kirby
17%
SpiritsBugzzy
17%
SpiritsDark Daroach
17%
TrophiesHydra
17%
TrophiesLor Starcutter
17%
SpiritsMasked Dedede
17%
SpiritsMr. Frosty
17%
ItemsParasol
17%
SpiritsThe Three Mage-Sisters
17%
ItemsBomber
13%
TrophiesCappy
13%
TrophiesFighter Kirby
13%
TrophiesGalaxia Darkness
13%
TrophiesNeedle Kirby
13%
TrophiesNinja Kirby
13%
EnnemiesPlasma Wisp
13%
ItemsSuperspicy Curry
13%
EnnemiesTac
13%
StickersAcro
9%
SpiritsAngry Scarfy
9%
TrophiesBomb Kirby
9%
TrophiesCook Kirby
9%
TrophiesDedede Burst
9%
SpiritsElline
9%
SpiritsGryll
9%
TrophiesKirby Hat 1
9%
TrophiesKirby Hat 2
9%
TrophiesKirby Hat 3
9%
TrophiesKirby Hat 4
9%
TrophiesKirby Hat 5
9%
TrophiesMike Kirby
9%
SpiritsMr. Shine & Mr. Bright
9%
EnnemiesParasol Waddle Dee
9%
SpiritsRocky
9%
EnnemiesShotzo
9%
TrophiesSleep Kirby
9%
TrophiesTornado Kirby
9%
TrophiesWaddle Dee Army
9%
TrophiesWing Kirby
9%
TrophiesApples
4%
TrophiesBall Kirby
4%
StickersBig Switch
4%
StickersBox Boxer
4%
TrophiesBroom Hatter
4%
StickersCandy
4%
StickersCell Phone
4%
TrophiesCombo Cannon
4%
StickersCupid Kirby
4%
TrophiesGolem
4%
SpiritsHeavy Lobster
4%
StickersKing Dedede & Kirby
4%
StickersMeta Knight Ball
4%
SpiritsMoley
4%
TrophiesStarman
4%
StickersWaddle Dee Ball
4%
TrophiesWalky
4%
StickersBlipper
0%
StickersBoxy
0%
StickersHot Head
0%
StickersNruff
0%
StickersPerara
0%
StickersSqueaker
0%
StickersTreasure Chest
0%

Score Distribution

Percentile by Number Answered

Percent of People with Each Score

Your Score History

You have not taken this quiz